• 首页
  • 本馆介绍
  • 公告通知
  • 最新文献
  • 馆藏检索
  • 电子资源
  • 读者导购
  • 参考咨询
  • 我的图书馆
  • 登录
  • 详细信息显示
  • 放入我的书架
  • 预约/预借图书
  • 作者相关作品
  • 分类相关作品
  • 丛书相关作品
  • 出版社相关作品

书目信息

  • 表格格式
  • 工作单格式
  • 卡片格式
题名:
中国打击乐演奏技法与配器研究
    
 
作者: 潘黎 著
分册:  
出版信息: 北京   九州出版社  2021.3
页数: 178页
开本: 24cm
丛书名:
单 册:
中图分类: J632.5
科图分类:
主题词: 民族击乐器--奏法--研究--中国
电子资源:
ISBN: 978-7-5108-9790-0
000 00792nam0 2200229 45
001 012001001251
005 20130911082951.0
010    @a978-7-5108-9790-0@dCNY60.00
100    @a20210422d2021 em y0chiy0110 ea
101 0  @achi
102    @aCN@b110000
105    @ay z 000yy
106    @ar
200 1  @a中国打击乐演奏技法与配器研究@Azhong guo da ji yue yan zou ji fa yu pei qi yan jiu@f潘黎著
210    @a北京@c九州出版社@d2021.3
215    @a178页@d24cm
330    @a本书以打击乐演奏为主线,以西洋打击乐器、民族打击乐器、戏曲打击乐器、军乐队及流行打击乐器的演奏技巧、练习方法和西洋打击乐和民族打击乐的相容性。
606 0  @a民族击乐器@x奏法@x研究@y中国
690    @aJ632.5@v5
701  0 @a潘黎@Apan li@4著
801    @aCN@b江苏凤凰@c20211018
905    @b1342777-80@dJ632.5@e188@f4
    
    中国打击乐演奏技法与配器研究/潘黎著.-北京:九州出版社,2021.3
    178页;24cm
    
    
    ISBN 978-7-5108-9790-0:CNY60.00
    本书以打击乐演奏为主线,以西洋打击乐器、民族打击乐器、戏曲打击乐器、军乐队及流行打击乐器的演奏技巧、练习方法和西洋打击乐和民族打击乐的相容性。
●
相关链接 在E读中查询图书 在五车中查询图书 在当当中查询图书 在豆瓣中查询图书


正题名:中国打击乐演奏技法与配器研究     索取号:J632.5/188         预约/预借

序号 登录号 条形码 馆藏地/架位号 状态 备注
1 1342777   213427772   第一样本阅览室/ [索取号:J632.5/188] 在馆    
2 1342778   213427781   第一借阅区/ [索取号:J632.5/188] 在馆    
3 1342779   213427790   第一借阅区/ [索取号:J632.5/188] 在馆    
4 1342780   213427807   第一借阅区/ [索取号:J632.5/188] 在馆    
唐山师范学院图书馆 欢迎您!
大连网信软件有限公司© 版权所有